[Event "Ruhrgebiet Verbandsklasse Gruppe 3 1819"]
[Site "Nordrheinwestfalen"]
[Date "2019.03.24"]
[Round "8.2"]
[White "Hoffterheide, Thomas"]
[Black "Solberg, Kirsten"]
[Result "1-0"]
[WhiteElo "1970"]
[BlackElo "1823"]
[PlyCount "75"]
[EventDate "2018.09.23"]
[EventType "team-tourn"]
[EventRounds "9"]
[EventCountry "GER"]
[SourceTitle "EXT 2022"]
[Source "ChessBase"]
[SourceDate "2021.10.06"]
[SourceVersion "1"]
[SourceVersionDate "2021.10.06"]
[SourceQuality "1"]
[WhiteTeam "Kirchhellen SF"]
[BlackTeam "Unna SV"]
[WhiteTeamCountry "GER"]
[BlackTeamCountry "GER"]

1. e4 c5 2. Nf3 d6 3. d4 cxd4 4. Nxd4 Nf6 5. Nc3 g6 6. f3 Bg7 7. Be3 Nc6 8. Qd2 0-0 9. 0-0-0 Nxd4 10. Bxd4 Be6 11. h4 Qa5 12. Kb1 Rfe8 13. g4 Rac8 14. a3 a6 15. h5 b5 16. hxg6 fxg6 17. Nd5 Qxd2 18. Nxf6+ exf6 19. Rxd2 d5 20. Bd3 dxe4 21. Bxe4 Rcd8 22. Bc6 Re7 23. Bxf6 Rxd2 24. Bxe7 Re2 25. Bb4 Bf6 26. Bb7 h5 27. gxh5 gxh5 28. Rxh5 Rf2 29. Rh1 Bf5 30. Bd5+ Kg7 31. Rg1+ Kh6 32. Be4 Bxe4 33. fxe4 Bd4 34. Rd1 Be5 35. Bd6 Bg7 36. e5 Re2 37. Bc7 Bf8 38. Rd8 1-0

[Event "Ruhrgebiet Verbandsklasse Gruppe 3 1819"]
[Site "Nordrheinwestfalen"]
[Date "2018.09.23"]
[Round "1.2"]
[White "Hoffterheide, Thomas"]
[Black "Kremer, Moritz"]
[Result "1/2-1/2"]
[WhiteElo "1954"]
[BlackElo "1898"]
[PlyCount "47"]
[EventDate "2018.09.23"]
[EventType "team-tourn"]
[EventRounds "9"]
[EventCountry "GER"]
[SourceTitle "EXT 2022"]
[Source "ChessBase"]
[SourceDate "2021.10.06"]
[SourceVersion "1"]
[SourceVersionDate "2021.10.06"]
[SourceQuality "1"]
[WhiteTeam "Kirchhellen SF"]
[BlackTeam "Muelheim Nord IV"]
[WhiteTeamCountry "GER"]
[BlackTeamCountry "GER"]

1. e4 e6 2. d4 d5 3. Nc3 dxe4 4. Nxe4 Bd7 5. Nf3 Bc6 6. Bd3 Be7 7. 0-0 Nf6 8. Qe2 0-0 9. Re1 Nbd7 10. Bd2 Bxe4 11. Bxe4 Nxe4 12. Qxe4 c6 13. Rad1 Nf6 14. Qe2 Qb6 15. b3 Rad8 16. c4 Bb4 17. Bxb4 Qxb4 18. Qb2 c5 19. dxc5 Qxc5 20. Rc1 Qe7 21. b4 Rc8 22. Qb3 Rfd8 23. a3 h6 24. h3 1/2-1/2

[Event "Ruhrgebiet Verbandsklasse Gruppe 2 1718"]
[Site "Germany"]
[Date "2018.04.29"]
[Round "9.2"]
[White "Hoffterheide, Thomas"]
[Black "Radi, Guenter"]
[Result "1-0"]
[WhiteElo "1954"]
[BlackElo "1866"]
[PlyCount "67"]
[EventDate "2017.09.17"]
[EventType "team-tourn"]
[EventRounds "9"]
[EventCountry "GER"]
[SourceTitle "EXT 2022"]
[Source "ChessBase"]
[SourceDate "2021.10.06"]
[SourceVersion "1"]
[SourceVersionDate "2021.10.06"]
[SourceQuality "1"]
[WhiteTeam "Kirchhellen SF"]
[BlackTeam "Guennigfeld SV"]
[WhiteTeamCountry "GER"]
[BlackTeamCountry "GER"]

1. e4 c5 2. Nf3 Nc6 3. d4 cxd4 4. Nxd4 e5 5. Nb3 Nf6 6. Nc3 Be7 7. Bd3 0-0 8. Bd2 d6 9. a3 a6 10. Qe2 Be6 11. Nd5 Nxd5 12. exd5 Bxd5 13. Bxh7+ Kxh7 14. Qd3+ Be4 15. Qxe4+ f5 16. Qd5 Qc7 17. 0-0-0 Rac8 18. Bc3 b5 19. Rd3 Rf6 20. Rh3+ Rh6 21. Rxh6+ Kxh6 22. Rd1 b4 23. Qe6+ g6 24. axb4 Nxb4 25. Kb1 a5 26. f4 a4 27. Na1 Nc6 28. fxe5 dxe5 29. Rd7 Qb8 30. Bd2+ Kg7 31. Bg5 Rc7 32. Qf6+ Kg8 33. Qxg6+ Kh8 34. Bf6+ 1-0

[Event "Ruhrgebiet Verbandsliga Gruppe 2 1617"]
[Site "Germany"]
[Date "2016.12.18"]
[Round "5.2"]
[White "Hoffterheide, Thomas"]
[Black "Schulz, Hartmut"]
[Result "1-0"]
[WhiteElo "1978"]
[BlackElo "2044"]
[PlyCount "87"]
[EventDate "2016.09.04"]
[EventType "team-tourn"]
[EventRounds "9"]
[EventCountry "GER"]
[SourceTitle "EXT 2022"]
[Source "ChessBase"]
[SourceDate "2021.10.06"]
[SourceVersion "1"]
[SourceVersionDate "2021.10.06"]
[SourceQuality "1"]
[WhiteTeam "Kirchhellen SF"]
[BlackTeam "Brambauer"]
[WhiteTeamCountry "GER"]
[BlackTeamCountry "GER"]

1. e4 c6 2. d4 d5 3. Nc3 dxe4 4. Nxe4 Nf6 5. Nxf6+ exf6 6. Nf3 Bd6 7. Be2 Bg4 8. 0-0 0-0 9. h3 Bh5 10. Ne1 Bxe2 11. Qxe2 Nd7 12. Nd3 Re8 13. Qg4 g6 14. Bd2 f5 15. Qd1 Qc7 16. Bg5 Re4 17. c3 Rae8 18. Re1 Rxe1+ 19. Nxe1 Qb6 20. Qd2 Qa6 21. Nd3 Nb6 22. b3 Nd7 23. c4 b6 24. a4 Qc8 25. Re1 Re4 26. Rxe4 fxe4 27. Ne1 Nf8 28. d5 cxd5 29. cxd5 Qf5 30. Nc2 Nd7 31. Bh6 Qe5 32. g3 Qh5 33. Kg2 Qf3+ 34. Kh2 Ne5 35. Nd4 Qh5 36. Kg2 Nf3 37. Nxf3 Qxf3+ 38. Kg1 Qf5 39. Qc3 Bf8 40. Bxf8 Kxf8 41. d6 Ke8 42. Qc6+ Qd7 43. Qxe4+ Kf8 44. Qe5 1-0

[Event "Ruhrgebiet Verbandsliga Gruppe 2 1617"]
[Site "Germany"]
[Date "2016.09.25"]
[Round "2.2"]
[White "Frombach, Ralf"]
[Black "Hoffterheide, Thomas"]
[Result "0-1"]
[WhiteElo "2146"]
[BlackElo "1979"]
[PlyCount "50"]
[EventDate "2016.09.04"]
[EventType "team-tourn"]
[EventRounds "9"]
[EventCountry "GER"]
[SourceTitle "EXT 2022"]
[Source "ChessBase"]
[SourceDate "2021.10.06"]
[SourceVersion "1"]
[SourceVersionDate "2021.10.06"]
[SourceQuality "1"]
[WhiteTeam "Hamm Koenigsspringer"]
[BlackTeam "Kirchhellen SF"]
[WhiteTeamCountry "GER"]
[BlackTeamCountry "GER"]

1. d4 Nf6 2. c4 e6 3. Nc3 d5 4. Nf3 c6 5. Qd3 Be7 6. e4 dxc4 7. Qxc4 Nbd7 8. Be3 0-0 9. h3 Qa5 10. Nd2 e5 11. f4 exf4 12. Bxf4 Nh5 13. Nb3 Qd8 14. Be3 Bh4+ 15. Kd2 Ng3 16. Rg1 Nf6 17. Bd3 Be6 18. Qb4 b6 19. Qa4 b5 20. Qa5 Qxa5 21. Nxa5 b4 22. Ne2 Nfxe4+ 23. Bxe4 Nxe4+ 24. Kd3 Nd6 25. Nxc6 Bf5+ 0-1

[Event "Ruhrgebiet Verbandsklasse Gruppe 3 1516"]
[Site "Germany"]
[Date "2016.02.21"]
[Round "7.2"]
[White "Hoffterheide, Thomas"]
[Black "Mecklenburg, Roland"]
[Result "1/2-1/2"]
[WhiteElo "1980"]
[BlackElo "1979"]
[PlyCount "75"]
[EventDate "2015.09.06"]
[EventType "team-tourn"]
[EventRounds "9"]
[EventCountry "GER"]
[SourceTitle "EXT 2022"]
[Source "ChessBase"]
[SourceDate "2021.10.06"]
[SourceVersion "1"]
[SourceVersionDate "2021.10.06"]
[SourceQuality "1"]
[WhiteTeam "Kirchhellen SF"]
[BlackTeam "Recklinghausen Sued"]
[WhiteTeamCountry "GER"]
[BlackTeamCountry "GER"]

1. e4 d5 2. exd5 Qxd5 3. d4 Bf5 4. Nc3 Qd6 5. Nf3 c6 6. Bd3 Bxd3 7. Qxd3 Nf6 8. Be3 Nbd7 9. 0-0-0 e6 10. Ng5 Be7 11. h4 h6 12. Nge4 Qc7 13. f3 Nd5 14. Nxd5 cxd5 15. Nc3 a6 16. g4 0-0-0 17. Ne2 Bd6 18. Kb1 Kb8 19. Rhg1 Nb6 20. b3 Qc6 21. f4 Rhe8 22. Bc1 Rc8 23. Rgf1 Rc7 24. Bb2 Nc8 25. Rc1 Be7 26. g5 hxg5 27. fxg5 Nd6 28. Ng3 Rec8 29. Rf2 Rh8 30. Rf4 f6 31. Qg6 fxg5 32. hxg5 Rh2 33. Rf3 Nb5 34. b4 Bxb4 35. Nf1 Rg2 36. Rb3 a5 37. a3 Bc3 38. a4 1/2-1/2

[Event "Ruhrgebiet Verbandsliga Gruppe 1 1415"]
[Site "Germany"]
[Date "2015.04.26"]
[Round "9.2"]
[White "Landau, Christian"]
[Black "Hoffterheide, Thomas"]
[Result "1-0"]
[WhiteElo "2075"]
[BlackElo "2003"]
[PlyCount "57"]
[EventDate "2014.09.21"]
[EventType "team-tourn"]
[EventRounds "9"]
[EventCountry "GER"]
[SourceTitle "EXT 2022"]
[Source "ChessBase"]
[SourceDate "2021.10.06"]
[SourceVersion "1"]
[SourceVersionDate "2021.10.06"]
[SourceQuality "1"]
[WhiteTeam "Steele/Kray Rochade"]
[BlackTeam "Kirchhellen SF"]
[WhiteTeamCountry "GER"]
[BlackTeamCountry "GER"]

1. d4 d5 2. Nf3 Nf6 3. c4 e6 4. Nc3 c6 5. e3 Nbd7 6. Bd3 Bd6 7. 0-0 0-0 8. e4 dxe4 9. Nxe4 Nxe4 10. Bxe4 Nf6 11. Bc2 Qc7 12. Bg5 Be7 13. Qd3 g6 14. Rfe1 b6 15. Rad1 Bb7 16. h3 Rad8 17. Qc3 Nh5 18. Bh6 Rfe8 19. Re5 Ng7 20. Re2 Nf5 21. Bxf5 gxf5 22. Ne5 Bh4 23. d5 cxd5 24. Nf3 d4 25. Rxd4 Bxf2+ 26. Rxf2 f6 27. Rfd2 Kf7 28. Rxd8 Rxd8 29. Ng5+ 1-0

[Event "Ruhrgebiet Verbandsliga Gruppe 1 1415"]
[Site "Germany"]
[Date "2014.12.14"]
[Round "4.2"]
[White "Hoffterheide, Thomas"]
[Black "Schulz, Hartmut"]
[Result "1-0"]
[WhiteElo "1994"]
[BlackElo "2055"]
[PlyCount "87"]
[EventDate "2014.09.21"]
[EventType "team-tourn"]
[EventRounds "9"]
[EventCountry "GER"]
[SourceTitle "EXT 2022"]
[Source "ChessBase"]
[SourceDate "2021.10.06"]
[SourceVersion "1"]
[SourceVersionDate "2021.10.06"]
[SourceQuality "1"]
[WhiteTeam "Kirchhellen SF"]
[BlackTeam "Brambauer"]
[WhiteTeamCountry "GER"]
[BlackTeamCountry "GER"]

1. e4 c6 2. d4 d5 3. e5 Bf5 4. h4 c5 5. dxc5 Nc6 6. Nf3 e6 7. Nd4 Qc7 8. Nxf5 exf5 9. Qxd5 Rd8 10. Qb3 Bxc5 11. Bf4 a6 12. Qg3 Kf8 13. Bd3 Qa5+ 14. Nd2 Bb4 15. Rd1 Qxa2 16. 0-0 Bxd2 17. Bxd2 Qe6 18. Bc3 Nge7 19. b3 Qg6 20. Qf3 h5 21. Rfe1 Qg4 22. Qe3 Rh6 23. Be2 Qxh4 24. Qb6 Re8 25. Rd6 Nc8 26. Qxb7 Nxd6 27. exd6 Nd4 28. d7 Rd8 29. Qb4+ Kg8 30. Qxd4 Qxd4 31. Bxd4 Rxd7 32. Be3 Re6 33. Bc4 Rc6 34. Ra1 Rdd6 35. Bf4 Rf6 36. Ra5 Kh7 37. Bg5 Rfd6 38. Rxf5 f6 39. Be3 Rd1+ 40. Kh2 Kg6 41. Ra5 h4 42. Rxa6 Rc7 43. Ra7 Rc8 44. Bd3+ 1-0

[Event "Ruhrgebiet Verbandsliga Gruppe 1 1415"]
[Site "Germany"]
[Date "2014.10.19"]
[Round "2.2"]
[White "Hoffterheide, Thomas"]
[Black "Nautsch, Werner"]
[Result "1-0"]
[WhiteElo "1994"]
[BlackElo "2101"]
[PlyCount "97"]
[EventDate "2014.09.21"]
[EventType "team-tourn"]
[EventRounds "9"]
[EventCountry "GER"]
[SourceTitle "EXT 2022"]
[Source "ChessBase"]
[SourceDate "2021.10.06"]
[SourceVersion "1"]
[SourceVersionDate "2021.10.06"]
[SourceQuality "1"]
[WhiteTeam "Kirchhellen SF"]
[BlackTeam "Katernberg SF III"]
[WhiteTeamCountry "GER"]
[BlackTeamCountry "GER"]

1. e4 d6 2. d4 g6 3. Be2 Bg7 4. h4 Nf6 5. Nc3 h5 6. Bg5 c6 7. Qd2 b5 8. Bf3 Ng4 9. Bxg4 Bxg4 10. f3 Bd7 11. Nge2 b4 12. Nd1 Qb6 13. a3 b3 14. c3 Na6 15. Nf2 Be6 16. Qd3 Qb5 17. Qxb5 cxb5 18. d5 Bd7 19. Nd3 Nc5 20. Kd2 a5 21. Be3 Nxd3 22. Kxd3 0-0 23. Nd4 a4 24. Rac1 Rfb8 25. g3 Kh7 26. Rh2 e6 27. dxe6 fxe6 28. f4 Rc8 29. Rf2 Kg8 30. Nf3 Rc4 31. Bd4 Bc6 32. Re1 Bxd4 33. Nxd4 Bd7 34. e5 d5 35. g4 hxg4 36. Rg1 Kf7 37. Rxg4 Rh8 38. Rfg2 Rh6 39. h5 Rxh5 40. Rxg6 Rh7 41. f5 exf5 42. e6+ Bxe6 43. Nxe6 Rh1 44. Nd4 Rh3+ 45. Kd2 b4 46. Rg7+ Kf6 47. R2g6+ Ke5 48. Re6+ Kf4 49. Ne2+ 1-0

[Event "NRW Verbandsklasse Group2 1314"]
[Site "Nordrheinwestfalen"]
[Date "2013.10.13"]
[Round "2.2"]
[White "Gregoritsch, Dirk"]
[Black "Hoffterheide, Thomas"]
[Result "1/2-1/2"]
[WhiteElo "1854"]
[BlackElo "2007"]
[PlyCount "85"]
[EventDate "2013.09.08"]
[EventType "team-tourn"]
[EventRounds "9"]
[EventCountry "GER"]
[SourceTitle "EXT 2020"]
[Source "ChessBase"]
[SourceDate "2019.10.17"]
[SourceVersion "1"]
[SourceVersionDate "2019.10.17"]
[SourceQuality "1"]
[WhiteTeam "Doppelbauer Brambauer II"]
[BlackTeam "Kirchhellen SF"]
[WhiteTeamCountry "GER"]
[BlackTeamCountry "GER"]

1. d4 d5 2. Nf3 Nf6 3. g3 e6 4. Bg2 c5 5. e3 Nc6 6. 0-0 Be7 7. b3 0-0 8. Bb2 b5 9. Ne5 Nxe5 10. dxe5 Nd7 11. Nd2 Qc7 12. f4 Rb8 13. c3 a5 14. a3 Bb7 15. Rc1 Nb6 16. Re1 f6 17. exf6 Bxf6 18. Qe2 c4 19. b4 axb4 20. axb4 Ra8 21. Nf3 Na4 22. Nd4 Qb6 23. Bh3 Rae8 24. Qd2 Re7 25. Ba1 g6 26. Bg4 e5 27. fxe5 Bxe5 28. Rf1 Rfe8 29. Rf3 Bg7 30. Kg2 h5 31. Bh3 Bh6 32. Re1 Bg7 33. Ref1 Re4 34. Kg1 Bh6 35. Re1 R8e7 36. Qf2 Bg7 37. Rf1 Bc6 38. Bg2 R4e5 39. h3 Be8 40. g4 hxg4 41. hxg4 Bh6 42. Re1 Qc7 43. Rh3 1/2-1/2

[Event "Ruhrgebiet VK2 1213"]
[Site "Nordrheinwestfalen"]
[Date "2013.02.03"]
[Round "6"]
[White "Braun, Uwe"]
[Black "Hoffterheide, Thomas"]
[Result "0-1"]
[WhiteElo "1797"]
[BlackElo "2007"]
[PlyCount "60"]
[EventDate "2012.09.02"]
[EventType "team-tourn"]
[EventRounds "9"]
[EventCountry "GER"]
[SourceTitle "EXT 2020"]
[Source "ChessBase"]
[SourceDate "2019.10.17"]
[SourceVersion "1"]
[SourceVersionDate "2019.10.17"]
[SourceQuality "1"]
[WhiteTeam "Bottrop SV II"]
[BlackTeam "Kirchhellen SF"]
[WhiteTeamCountry "GER"]
[BlackTeamCountry "GER"]

1. Nf3 d5 2. g3 Nf6 3. Bg2 c5 4. d4 Nc6 5. 0-0 cxd4 6. Nxd4 e5 7. Nxc6 bxc6 8. c4 Be7 9. Nc3 Bb7 10. Bg5 d4 11. Bxf6 Bxf6 12. Ne4 Be7 13. g4 0-0 14. Ng3 g6 15. Qd3 Qd7 16. f4 exf4 17. Rxf4 Rad8 18. Bh3 Bg5 19. Ne4 Qc7 20. Rff1 Be3+ 21. Kh1 c5 22. Bg2 f5 23. gxf5 gxf5 24. Ng3 f4 25. Ne4 Qg7 26. Rf3 Kh8 27. Rh3 Rg8 28. Ng3 Bxg2+ 29. Kxg2 Qb7+ 30. Kf1 Qh1+ 0-1

[Event "Ruhrgebiet VK3 1112"]
[Site "Nordrheinwestfalen"]
[Date "2012.04.22"]
[Round "9"]
[White "Hartung, Thomas"]
[Black "Hoffterheide, Thomas"]
[Result "1/2-1/2"]
[WhiteElo "1822"]
[BlackElo "1943"]
[PlyCount "28"]
[EventDate "2012.09.18"]
[EventType "team-tourn"]
[EventRounds "9"]
[EventCountry "GER"]
[SourceTitle "EXT 2020"]
[Source "ChessBase"]
[SourceDate "2019.10.17"]
[SourceVersion "1"]
[SourceVersionDate "2019.10.17"]
[SourceQuality "1"]
[WhiteTeam "Sport Union Annen"]
[BlackTeam "Kirchhellen SF"]
[WhiteTeamCountry "GER"]
[BlackTeamCountry "GER"]

1. e4 d6 2. d4 g6 3. Nc3 Bg7 4. Bg5 Nd7 5. Bc4 h6 6. Be3 Ngf6 7. f3 c6 8. Qd2 b5 9. Bf1 a6 10. g4 Bb7 11. Bg2 Nb6 12. g5 hxg5 13. Bxg5 Nc4 14. Qc1 Nh7 1/2-1/2

[Event "Ruhrgebiet VK3 1112"]
[Site "Nordrheinwestfalen"]
[Date "2011.11.13"]
[Round "3"]
[White "Opava, Axel"]
[Black "Hoffterheide, Thomas"]
[Result "1/2-1/2"]
[WhiteElo "1907"]
[BlackElo "1943"]
[PlyCount "33"]
[EventDate "2012.09.18"]
[EventType "team-tourn"]
[EventRounds "9"]
[EventCountry "GER"]
[SourceTitle "EXT 2020"]
[Source "ChessBase"]
[SourceDate "2019.10.17"]
[SourceVersion "1"]
[SourceVersionDate "2019.10.17"]
[SourceQuality "1"]
[WhiteTeam "Eichlinghofen SV II"]
[BlackTeam "Kirchhellen SF"]
[WhiteTeamCountry "GER"]
[BlackTeamCountry "GER"]

1. e4 e5 2. Nf3 Nc6 3. Bb5 a6 4. Ba4 Nf6 5. 0-0 b5 6. Bb3 Be7 7. d4 d6 8. dxe5 Nxe5 9. Nxe5 dxe5 10. Qe2 Bb7 11. Rd1 Bd6 12. Bg5 h6 13. Bh4 Qe7 14. Nc3 g5 15. Bg3 c6 16. Rd2 0-0 17. a4 1/2-1/2

[Event "Ruhrgebiet Verbandsliga1 1011"]
[Site "Nordrheinwestfalen"]
[Date "2011.03.20"]
[Round "8.3"]
[White "Hoffterheide, Thomas"]
[Black "Canzler, Harald"]
[Result "1/2-1/2"]
[WhiteElo "1955"]
[BlackElo "2003"]
[PlyCount "57"]
[EventDate "2011.09.12"]
[EventType "team-tourn"]
[EventRounds "9"]
[EventCountry "GER"]
[SourceTitle "EXT 2020"]
[Source "ChessBase"]
[SourceDate "2019.10.17"]
[SourceVersion "1"]
[SourceVersionDate "2019.10.17"]
[SourceQuality "1"]
[WhiteTeam "Kirchhellen SF"]
[BlackTeam "Dortmund SV"]
[WhiteTeamCountry "GER"]
[BlackTeamCountry "GER"]

1. e4 c5 2. Nf3 d6 3. d4 Nf6 4. Nc3 cxd4 5. Nxd4 g6 6. Bc4 Bg7 7. f3 Nc6 8. Be3 0-0 9. Qd2 Bd7 10. h4 Ne5 11. Bb3 Qa5 12. Bh6 Bxh6 13. Qxh6 Rfc8 14. 0-0-0 Rxc3 15. bxc3 Qxc3 16. Ne2 Nd3+ 17. Rxd3 Qa1+ 18. Kd2 Qxh1 19. g4 Bb5 20. c4 Bc6 21. h5 Rc8 22. Qf4 Be8 23. e5 Nd7 24. exd6 exd6 25. Rxd6 Qa1 26. hxg6 hxg6 27. Nd4 Qb2+ 28. Kd1 Nc5 29. Qd2 1/2-1/2

[Event "Ruhrgebiet Verbandsliga1 1011"]
[Site "Nordrheinwestfalen"]
[Date "2011.02.06"]
[Round "6.3"]
[White "Hoffterheide, Thomas"]
[Black "Koth, Stefan"]
[Result "1/2-1/2"]
[WhiteElo "1955"]
[BlackElo "2056"]
[PlyCount "93"]
[EventDate "2011.09.12"]
[EventType "team-tourn"]
[EventRounds "9"]
[EventCountry "GER"]
[SourceTitle "EXT 2020"]
[Source "ChessBase"]
[SourceDate "2019.10.17"]
[SourceVersion "1"]
[SourceVersionDate "2019.10.17"]
[SourceQuality "1"]
[WhiteTeam "Kirchhellen SF"]
[BlackTeam "Doppelbauer Brambauer"]
[WhiteTeamCountry "GER"]
[BlackTeamCountry "GER"]

1. e4 c5 2. Nf3 e6 3. d3 d5 4. Qe2 dxe4 5. dxe4 Nc6 6. c3 Nf6 7. g3 Be7 8. Bg2 Qc7 9. 0-0 0-0 10. Ne1 e5 11. Bg5 h6 12. Bc1 Bg4 13. f3 Bh5 14. Be3 Rad8 15. Nd3 c4 16. Nf2 Na5 17. Nd2 Nd7 18. Rfd1 a6 19. h4 b5 20. Nf1 Nc5 21. g4 Bg6 22. h5 Bh7 23. Bxc5 Bxc5 24. Ne3 Qa7 25. Nd5 Kh8 26. Kf1 f6 27. Rd2 Bg8 28. Rad1 Rd6 29. Nh1 Rfd8 30. Ng3 Nc6 31. Nf5 R6d7 32. Bh3 Be6 33. Kg2 Qb7 34. Nfe3 Ne7 35. Nxe7 Bxe7 36. Rxd7 Rxd7 37. Rxd7 Qxd7 38. Kg3 Bc5 39. Bf1 Qd8 40. a3 Ba7 41. Nd1 Qd6 42. Bg2 Kh7 43. Bf1 Bb6 44. Bg2 a5 45. Bf1 Qc5 46. Qf2 Qd6 47. Qe2 1/2-1/2

[Event "Ruhrgebiet Verbandsliga1 1011"]
[Site "Nordrheinwestfalen"]
[Date "2011.01.16"]
[Round "5"]
[White "Hoffterheide, Thomas"]
[Black "Schlange, Stefan"]
[Result "1/2-1/2"]
[WhiteElo "1955"]
[BlackElo "2122"]
[PlyCount "138"]
[EventDate "2011.09.12"]
[EventType "team-tourn"]
[EventRounds "9"]
[EventCountry "GER"]
[SourceTitle "EXT 2020"]
[Source "ChessBase"]
[SourceDate "2019.10.17"]
[SourceVersion "1"]
[SourceVersionDate "2019.10.17"]
[SourceQuality "1"]
[WhiteTeam "Kirchhellen SF"]
[BlackTeam "Wattenscheid SV"]
[WhiteTeamCountry "GER"]
[BlackTeamCountry "GER"]

1. e4 e5 2. Nf3 Nc6 3. Bc4 Nf6 4. d4 exd4 5. 0-0 Nxe4 6. Re1 d5 7. Bxd5 Qxd5 8. Nc3 Qh5 9. Nxe4 Be6 10. Bg5 Bd6 11. Nxd6+ cxd6 12. c3 0-0 13. Qd2 dxc3 14. bxc3 d5 15. Rab1 b6 16. Nd4 Nxd4 17. cxd4 Rfe8 18. Bf4 f6 19. Rbc1 Qf7 20. Rc7 Re7 21. Rec1 Rae8 22. Qb4 Bf5 23. h3 Qe6 24. Qd6 Qxd6 25. Bxd6 Re1+ 26. Rxe1 Rxe1+ 27. Kh2 Re2 28. g4 Be4 29. Rxa7 Rxf2+ 30. Kg1 Rg2+ 31. Kf1 Rd2 32. g5 Bg2+ 33. Ke1 Rxd4 34. gxf6 gxf6 35. Bc7 b5 36. Bd8 f5 37. Bf6 Re4+ 38. Kf2 Bxh3 39. Rg7+ Kf8 40. Rxh7 Bg4 41. Rb7 Be2 42. Bc3 Bc4 43. a3 d4 44. Bb4+ Ke8 45. Rb6 d3 46. Rd6 Kf7 47. Kf3 Rh4 48. Kg3 Rg4+ 49. Kf3 Re4 50. Kf2 Re5 51. Kf3 Rd5 52. Rxd5 Bxd5+ 53. Ke3 Be4 54. Kd4 Kg6 55. Ke3 Kg5 56. Bd6 Kg4 57. Be5 Kh3 58. Kf2 Bd5 59. Ke3 Bc4 60. Bc3 Kg3 61. Be5+ Kg2 62. Bf4 Kg1 63. Be5 Kf1 64. Bg3 f4+ 65. Bxf4 Ke1 66. Kd4 d2 67. Bxd2+ Kxd2 68. a4 Bf1 69. axb5 Bxb5 1/2-1/2

[Event "Ruhrgebiet VK2 0910"]
[Site "Ruhrgebiet"]
[Date "2010.02.07"]
[Round "6.3"]
[White "Fraenkel, Karl Heinz"]
[Black "Hoffterheide, Thomas"]
[Result "0-1"]
[WhiteElo "1901"]
[BlackElo "1976"]
[PlyCount "32"]
[EventDate "2009.09.06"]
[EventType "team"]
[EventRounds "9"]
[EventCountry "GER"]
[SourceTitle "EXT 2011"]
[Source "ChessBase"]
[SourceDate "2010.11.26"]
[SourceVersion "1"]
[SourceVersionDate "2010.11.26"]
[SourceQuality "1"]
[WhiteTeam "Bochum SV II"]
[BlackTeam "Kirchhellen SF"]
[WhiteTeamCountry "GER"]
[BlackTeamCountry "GER"]

1. e4 d6 2. d4 g6 3. Nc3 Bg7 4. Be3 Nd7 5. Qd2 c6 6. 0-0-0 b5 7. Kb1 Nb6 8. Bd3 Nc4 9. Bxc4 bxc4 10. d5 c5 11. f4 Rb8 12. Ka1 Qa5 13. Nge2 Bg4 14. Rb1 Rb6 15. h3 Bxe2 16. Nxe2 Qxa2+ 0-1

[Event "Ruhrgebiet VK2 0910"]
[Site "Ruhrgebiet"]
[Date "2009.11.08"]
[Round "3.2"]
[White "Rehfeldt, Jens"]
[Black "Hoffterheide, Thomas"]
[Result "1-0"]
[WhiteElo "1994"]
[BlackElo "1976"]
[PlyCount "63"]
[EventDate "2009.09.06"]
[EventType "team"]
[EventRounds "9"]
[EventCountry "GER"]
[SourceTitle "EXT 2011"]
[Source "ChessBase"]
[SourceDate "2010.11.26"]
[SourceVersion "1"]
[SourceVersionDate "2010.11.26"]
[SourceQuality "1"]
[WhiteTeam "Essen Werden"]
[BlackTeam "Kirchhellen SF"]
[WhiteTeamCountry "GER"]
[BlackTeamCountry "GER"]

1. Nc3 e5 2. e3 d5 3. Qh5 Nc6 4. Bb5 Nf6 5. Qxe5+ Be6 6. Qg3 Bd6 7. f4 a6 8. Bxc6+ bxc6 9. d3 g5 10. Qf2 gxf4 11. exf4 Qe7 12. Nge2 c5 13. f5 Bd7 14. Bg5 Bc6 15. Qh4 Be5 16. 0-0-0 h6 17. d4 cxd4 18. Nxd4 hxg5 19. Qxh8+ Kd7 20. Nxc6 Rxh8 21. Nxe7 Kxe7 22. Nxd5+ Nxd5 23. Rxd5 Bxh2 24. Kd1 Rh4 25. g4 Bf4 26. Rxh4 gxh4 27. Ke2 h3 28. Kf3 h2 29. Kg2 Kf6 30. Ra5 Kg5 31. Rxa6 Kxg4 32. Rf6 1-0

[Event "Ruhrgebiet VL1 0708"]
[Site "Germany"]
[Date "2007.10.21"]
[Round "2.3"]
[White "Jellinghaus, Lars"]
[Black "Hoffterheide, Thomas"]
[Result "1-0"]
[WhiteElo "2211"]
[BlackElo "1999"]
[PlyCount "129"]
[EventDate "2007.09.02"]
[EventType "team"]
[EventRounds "9"]
[EventCountry "GER"]
[SourceTitle "EXT 2009"]
[Source "ChessBase"]
[SourceDate "2008.11.26"]
[SourceVersion "1"]
[SourceVersionDate "2008.11.26"]
[SourceQuality "1"]
[WhiteTeam "Bochum-Linden"]
[BlackTeam "Kirchhellen SF"]
[WhiteTeamCountry "GER"]
[BlackTeamCountry "GER"]

1. d4 Nf6 2. c4 d6 3. Nc3 g6 4. e4 Bg7 5. Be2 0-0 6. Nf3 Nbd7 7. 0-0 e5 8. Re1 c6 9. Bf1 Re8 10. d5 c5 11. a3 a6 12. b4 b6 13. Rb1 Nf8 14. Bd2 Nh5 15. g3 Ra7 16. a4 f5 17. a5 cxb4 18. axb6 Rb7 19. Rxb4 Rxb6 20. Qb3 Rxb4 21. Qxb4 Nf6 22. Bd3 Re7 23. Qa3 Qc7 24. Rb1 fxe4 25. Nxe4 Nxe4 26. Bxe4 Bf5 27. Bxf5 gxf5 28. Qxa6 e4 29. Nh4 Qd7 30. Qc6 Qxc6 31. dxc6 Rc7 32. Nxf5 Bf6 33. Rb7 Rxc6 34. Bc3 d5 35. Bxf6 Rxf6 36. Ne7+ Kh8 37. Nxd5 Rc6 38. Rf7 Ne6 39. Ne3 Kg8 40. Re7 h6 41. h4 Kf8 42. Ra7 Rb6 43. Kg2 Rb1 44. Nf5 Rb2 45. Ra8+ Kf7 46. Nd6+ Kf6 47. Nxe4+ Ke5 48. Re8 Kf5 49. g4+ Kxe4 50. Rxe6+ Kf4 51. Kh3 Rc2 52. Rf6+ Ke5 53. Rf5+ Ke4 54. c5 Rc3+ 55. f3+ Ke3 56. g5 h5 57. Kg3 Rc1 58. Re5+ Kd4 59. Kf4 Rh1 60. Re4+ Kxc5 61. Kf5 Rh3 62. Rf4 Kd5 63. Kg6 Ke5 64. Rf5+ Ke6 65. Rf6+ 1-0